000 00953nam a22003137a 4500
001 BR8903341
003 BR-BrBNA
005 20230928093244.0
007 ta
008 230509b bl.||||| |||| 00| 0 por d
040 _aBR-BrBNA
_bpor
_cBiblioteca Nacional de Agricultura
041 _a(Por)
072 _aL51
_b5240
_b0120
_b9205
090 _ 5240 BR8903341
100 1 _aArcaro Junior, I.
110 1 _aEscola Superior de Agricultura Luiz de Queiroz, Piracicaba, SP (Brasil)
_0Tese (Mestrado)
245 1 _aEstudo do valor nutritivo da fibra de grao de milho umida atraves de ensaio de digestibilidade com ovinos
260 3 _aPiracicaba, SP (Brasil):
_c1988.
300 _a74 p.
500 _a36 tables; Summaries (Eng, Por); 15 ref.
650 _aOVINO
650 _aNUTRICAO ANIMAL
650 _aDIGESTIBILIDADE
650 _aMILHO
650 _aGRAO
650 _aFIBRA
909 _a202309
_bLucia
_c55
_dLucia Elande
942 _cBK
999 _c43911
_d43911